000 01146nam a22002537a 4500
005 20240530110953.0
008 221218s2022 ua bfh f b 000 0 ara d
017 _a2021/22602
_bمصر. دار الكتب
020 _a9789776926363
040 _aEG-CaGPL
_cEG-CaGPL
082 0 4 _221
_a723.3
_bم س
100 0 _aمحمد عبدالستار عثمان
245 1 0 _aسامرائيات فصول فى التخطيط العمرانى والمنشآت المعمارية فى مدينة سامراء :
_b221 - 267 هـ / 836 - 880 م : تفسير جديد /
_cمحمد عبدالستار عثمان
250 _aط.1
260 _aالاسكندرية :
_bدار الوفاء لدنيا الطباعة و النشر،
_c2022.
300 _a340 ص. :
_bايض ؛
_c24 سم.
490 0 _aدراسات فى العمارة العباسية
504 _aيشتمل على ارجاعات ببليوجرافية
650 0 7 _2qrmak
_aالعمارة
_xتاريخ
_zسامراء
650 0 7 _2qrmak
_aنظرية الانشاءات
_xتاريخ
_zسامراء
651 _2qrmak
942 _2ddc
_cBK
999 _c67033
_d67033